000 00371nam a22001457a 4500
999 _c2229
_d2229
008 200218b ||||| |||| 00| 0 eng d
082 0 0 _a665.5
_bW348
100 _91810
_aWatts, H. E.
245 1 0 _aStorage of petroleum -spirit
_cby H E Watts
260 _aLondon
_bCharles griffin
_c1951
300 _a320p.
365 _d18.00
650 0 _aPetroleum Storage
942 _cBK